00510ntaaa2200181 45000030003000000050017000030080021000200400037000410820018000782450058000962500010001542600055001643000009002195000046002286500014002747000021002887000019003090120251027202236.00714s1973 ag 01  aAR-BaBNbspacAR-BaBNeaacrdRIC a268.1300 C15m aMaterial didáctico para la enseñanza de primarips a1 ed. aEl Paso : bCasa Bautista de Publicaciones, c1974 a31 p aEj. 1 (32504) libro perdido y pagado 8/77 aprimarios aCampbell, Villa  aCapshaw, J.A.